[Event "World Blitz Women 2017"]
[Site "Riyadh KSA"]
[Date "2017.12.29"]
[Round "9.3"]
[White "Bodnaruk, Anastasia"]
[Black "Paehtz, Elisabeth"]
[Result "1-0"]
[WhiteTitle "IM"]
[BlackTitle "IM"]
[WhiteElo "2428"]
[BlackElo "2464"]
[WhiteFideId "4181751"]
[BlackFideId "4641833"]
[EventDate "2017.12.29"]

1. e4 e5 2. Nf3 Nc6 3. Bb5 a6 4. Ba4 Nf6 5. O-O Be7 6. Re1 b5 7. Bb3 O-O 8. a4
b4 9. a5 d6 10. d3 Be6 11. Nbd2 Rb8 12. Bc4 Qc8 13. c3 h6 14. Qa4 Qb7 15. Qa2
Bxc4 16. Nxc4 Qb5 17. h3 Nd7 18. Be3 Bf6 19. Qa4 Qxa4 20. Rxa4 bxc3 21. bxc3 Rb3
22. Rc1 Rfb8 23. Nfd2 R3b5 24. Kf1 Bg5 25. Ke2 Bxe3 26. fxe3 Nc5 27. Ra2 Nb7 28.
Rca1 Nc5 29. d4 Nb3 30. Nxb3 Rxb3 31. Kd2 R3b5 32. Kd3 Rb3 33. Kc2 R3b5 34. Kd3
Kf8 35. Ra3 Ke7 36. Kc2 Nd8 37. Kd3 Ne6 38. R3a2 f6 39. Nd2 Rb2 40. Nc4 Rxa2 41.
Rxa2 Kd7 42. Rb2 Rxb2 43. Nxb2 Nd8 44. Kc4 Kc6 45. Nd3 Kb7 46. Kb4 Ne6 47. h4 h5
48. Kc4 Nf8 49. g3 c6 50. Kb4 Nd7 51. Ne1 d5 52. exd5 cxd5 53. Nf3 Kc6 54. c4
dxc4 55. Kxc4 Kd6 56. Nd2 Nb8 57. d5 f5 58. e4 g6 59. exf5 gxf5 60. Nf1 f4 61.
gxf4 exf4 62. Nd2 Nd7 63. Ne4+ Ke5 64. Nf2 Nf6 65. Nd3+ Ke4 66. Nf2+ Ke3 67. Nh3
f3 68. d6 f2 69. Nxf2 Kxf2 70. Kc5 Kg3 71. Kb6 Kxh4 72. Kxa6 Kg3 73. Kb5 h4 74.
a6 h3 75. a7 Ne8 76. a8=Q Nxd6+ 77. Kc5 Nf5 78. Qa3+ Kg2 79. Qb2+ Kg3 80. Qe5+
Kg2 81. Qe4+ Kg1 82. Qg4+ Kh2 83. Qxf5 Kg2 84. Qg4+ 1-0

[Event "World Blitz Women 2017"]
[Site "Riyadh KSA"]
[Date "2017.12.29"]
[Round "9.5"]
[White "Michna, Marta"]
[Black "Lagno, Kateryna"]
[Result "0-1"]
[WhiteTitle "WGM"]
[BlackTitle "GM"]
[WhiteElo "2377"]
[BlackElo "2547"]
[WhiteFideId "1106686"]
[BlackFideId "14109336"]
[EventDate "2017.12.29"]

1. d4 Nf6 2. c3 g6 3. Nf3 Bg7 4. h3 O-O 5. Bf4 d6 6. Nbd2 Nbd7 7. e4 c5 8. dxc5
Nxc5 9. Qc2 e5 10. Be3 Qc7 11. Rd1 d5 12. Bxc5 Qxc5 13. Nb3 Qc6 14. exd5 Nxd5
15. Be2 Nf4 16. O-O Bf5 17. Qd2 Qc7 18. Qe3 Be6 19. Rfe1 Nxe2+ 20. Qxe2 Bc4 21.
Qe3 f6 22. Rd2 b6 23. Red1 Rad8 24. Qe4 Bf7 25. Qb4 h6 26. Qb5 e4 27. Nfd4 Rd5
28. Qc6 Qe7 29. Nb5 Rxd2 30. Rxd2 e3 31. fxe3 Qxe3+ 32. Rf2 Rd8 33. N5d4 f5 34.
Qc7 Re8 35. Nf3 g5 36. Qd7 h5 37. Qd2 g4 38. Qxe3 Rxe3 39. Ng5 Bg6 40. hxg4 fxg4
41. Rd2 Bf6 42. Rd6 Kg7 43. Ne6+ Kh6 44. Nf4 Kg5 45. Nxg6 Kxg6 46. Kf2 Re8 47.
g3 Kg5 48. Nd4 Be5 49. Rd5 h4 50. gxh4+ Kxh4 51. Kg2 Bxd4 52. cxd4 Re2+ 53. Kf1
Rxb2 54. Rd7 Rxa2 55. d5 a5 56. d6 Rd2 57. Rh7+ Kg3 58. d7 a4 59. Ke1 Rd6 60.
Ke2 a3 0-1

[Event "World Blitz Women 2017"]
[Site "Riyadh KSA"]
[Date "2017.12.29"]
[Round "9.6"]
[White "Mammadzada, Gunay"]
[Black "Tan, Zhongyi"]
[Result "0-1"]
[WhiteTitle "WGM"]
[BlackTitle "GM"]
[WhiteElo "2333"]
[BlackElo "2517"]
[WhiteFideId "13403729"]
[BlackFideId "8603642"]
[EventDate "2017.12.29"]

1. e4 d6 2. d4 Nf6 3. Nc3 g6 4. Be3 a6 5. f3 b5 6. Qd2 Nbd7 7. h4 Nb6 8. Bd3 Rb8
9. Nh3 Bxh3 10. Rxh3 h5 11. O-O-O Bg7 12. Kb1 Nc4 13. Bxc4 bxc4 14. Qe2 O-O 15.
Qxc4 a5 16. a3 Qc8 17. Ka2 Qb7 18. Rb1 c6 19. Rhh1 Rfc8 20. Qe2 c5 21. Rhd1 Nd7
22. Qd3 cxd4 23. Bxd4 Ne5 24. Qe2 e6 25. Na4 Qc6 26. Nc3 Rb7 27. f4 Nc4 28. Bxg7
Kxg7 29. Qd3 e5 30. Nd5 Qc5 31. f5 Rcb8 32. b4 axb4 33. Nxb4 Ra8 34. Rb3 Rxb4
35. Rxb4 Qxb4 0-1

[Event "World Blitz Women 2017"]
[Site "Riyadh KSA"]
[Date "2017.12.29"]
[Round "9.7"]
[White "Lei, Tingjie"]
[Black "Batsiashvili, Nino"]
[Result "1-0"]
[WhiteTitle "GM"]
[BlackTitle "IM"]
[WhiteElo "2528"]
[BlackElo "2502"]
[WhiteFideId "8605114"]
[BlackFideId "13602993"]
[EventDate "2017.12.29"]

1. e4 e5 2. Nf3 Nc6 3. Bb5 a6 4. Ba4 g6 5. c3 d6 6. d4 Bd7 7. O-O Bg7 8. Re1 Nf6
9. Bg5 h6 10. Bc1 O-O 11. Nbd2 Re8 12. a3 Nh5 13. d5 Ne7 14. Bc2 Rf8 15. Nf1 Qe8
16. c4 f5 17. exf5 gxf5 18. Rb1 Qg6 19. b4 Qf7 20. Bb3 f4 21. N1d2 Nf5 22. Ne4
Nf6 23. Bc2 Nxe4 24. Bxe4 b6 25. Bb2 Rae8 26. Qd3 Kh8 27. Rbc1 Ne7 28. c5 bxc5
29. bxc5 Bb5 30. Qd2 Nf5 31. cxd6 cxd6 32. Bc3 Rg8 33. Bb4 Bf8 34. Kh1 Qf6 35.
Qc2 Ne7 36. Bc3 Rg7 37. Qb2 Nf5 38. Rg1 Be7 39. Nxe5 dxe5 40. Bxe5 Qf7 41. Bxf5 1-0

[Event "World Blitz Women 2017"]
[Site "Riyadh KSA"]
[Date "2017.12.29"]
[Round "9.8"]
[White "Ju, Wenjun"]
[Black "Javakhishvili, Lela"]
[Result "1-0"]
[WhiteTitle "GM"]
[BlackTitle "IM"]
[WhiteElo "2567"]
[BlackElo "2449"]
[WhiteFideId "8603006"]
[BlackFideId "13601458"]
[EventDate "2017.12.29"]

1. f4 d5 2. Nf3 g6 3. g3 Bg7 4. Bg2 Nf6 5. O-O O-O 6. d3 c5 7. c3 b6 8. Qc2 Bb7
9. Re1 d4 10. e4 dxe3 11. Bxe3 Qc7 12. Na3 a6 13. Nc4 Nbd7 14. Rad1 Rad8 15.
Nce5 Nxe5 16. Nxe5 Bxg2 17. Qxg2 Nd5 18. Bc1 e6 19. d4 b5 20. Qf2 cxd4 21. Rxd4
Nb6 22. Rxd8 Rxd8 23. Be3 Nc4 24. Bd4 Nxe5 25. fxe5 Qc4 26. b3 Qd5 27. Qe3 Rd7
28. Qe4 b4 29. Qxd5 Rxd5 30. Kf2 Bf8 31. Kf3 bxc3 32. Bxc3 Bc5 33. Ke4 Kg7 34.
b4 Be7 35. a4 f5+ 36. exf6+ Bxf6 37. Bxf6+ Kxf6 38. Rb1 Rd2 39. b5 axb5 40. axb5
Rd7 41. b6 Rb7 42. Rb2 Ke7 43. Ke5 Kd7 44. g4 g5 45. Rb1 Kc8 46. Kxe6 Rg7 47.
b7+ Kb8 48. Rb2 Rc7 49. Kf6 Rc5 50. Rb3 h6 51. Kg6 Rc6+ 52. Kg7 Rd6 53. h3 Rc6
54. Kh7 Rd6 55. Kg7 Rc6 56. Rb2 Rd6 57. Rb4 Rc6 58. Rb3 Rd6 59. Rf3 Kxb7 60.
Rf7+ Kc8 61. Rf6 Rd5 62. Rxh6 Kd7 63. Kg6 Ke6 64. Rh8 Ke7 65. Ra8 Rd3 66. Kxg5
Rxh3 67. Kg6 Rf3 68. g5 Rg3 69. Rg8 Rg1 70. Ra8 Rg2 71. Rb8 Rg1 72. Rg8 Rg2 73.
Kh7 Kf7 1-0

[Event "World Blitz Women 2017"]
[Site "Riyadh KSA"]
[Date "2017.12.29"]
[Round "9.10"]
[White "Saduakassova, Dinara"]
[Black "Ushenina, Anna"]
[Result "0-1"]
[WhiteTitle "IM"]
[BlackTitle "GM"]
[WhiteElo "2460"]
[BlackElo "2416"]
[WhiteFideId "13700090"]
[BlackFideId "14110911"]
[EventDate "2017.12.29"]

1. d4 d5 2. c4 c6 3. Nf3 Nf6 4. e3 Bf5 5. Nc3 e6 6. Nh4 Be4 7. f3 Bg6 8. Qb3 Qb6
9. Bd2 Qxb3 10. axb3 Bc2 11. cxd5 exd5 12. f4 Bxb3 13. Nf3 Nbd7 14. Ne5 Bd6 15.
Bd3 O-O 16. Ke2 a6 17. Rhc1 Rfe8 18. Be1 c5 19. Bh4 c4 20. Bb1 b5 21. Nxd7 Nxd7
22. Nxd5 Nf8 23. Bg3 Ne6 24. Kf2 Nc7 25. Nxc7 Bxc7 26. Bf5 g6 27. Bd7 Red8 28.
Bc6 Ra7 29. d5 Bb6 30. Kf3 b4 31. Bf2 f5 32. Ba4 Rxd5 33. Bxb3 cxb3 34. Rc6 Ra5
35. Rd1 Rb7 36. Rd3 Ra2 37. Rxb3 a5 38. Be1 Kf7 39. Bxb4 Bd8 40. Ra3 Rxb2 41.
Bxa5 Ra7 42. Bb4 Rxa3 43. Bxa3 Rb3 44. Bc5 Bf6 45. Ra6 Rc3 46. Ba7 Bg7 47. g3
Rb3 48. h4 h5 49. Rc6 Rd3 50. Ke2 Rb3 51. Rc7+ Kg8 52. Bc5 Bf6 53. Bd6 Bg7 54.
Kd2 Bf6 55. Kc2 Rxe3 56. Rc8+ Kf7 57. Rc7+ Ke6 58. Rc6 Kd7 59. Ra6 Rxg3 60. Be5
Bxh4 61. Kd2 Be7 62. Ra7+ Ke6 63. Ra6+ Kd5 64. Ke2 h4 65. Ra5+ Bc5 66. Ra8 h3
67. Rh8 Bg1 68. Rd8+ Kc6 69. Rc8+ Kd7 70. Rc7+ Kd8 71. Ke1 0-1

[Event "World Blitz Women 2017"]
[Site "Riyadh KSA"]
[Date "2017.12.29"]
[Round "9.11"]
[White "Kulon, Klaudia"]
[Black "Krush, Irina"]
[Result "1-0"]
[WhiteTitle "WGM"]
[BlackTitle "GM"]
[WhiteElo "2370"]
[BlackElo "2431"]
[WhiteFideId "1131044"]
[BlackFideId "2012782"]
[EventDate "2017.12.29"]

1. c4 c5 2. g3 Nc6 3. Bg2 g6 4. Nc3 Bg7 5. e3 d6 6. Nge2 h5 7. d4 cxd4 8. exd4
Nh6 9. O-O Nf5 10. d5 Ncd4 11. Nxd4 Bxd4 12. Bg5 O-O 13. Re1 Re8 14. Rb1 Bd7 15.
Ne4 Qb6 16. b4 Qc7 17. Rc1 b6 18. h3 Be5 19. f4 Bg7 20. g4 hxg4 21. hxg4 Nd4 22.
Nf2 f5 23. Rxe7 Rxe7 24. Bxe7 fxg4 25. c5 bxc5 26. bxc5 Nf5 27. cxd6 Qb6 28.
Qxg4 Qe3 29. Rf1 Kf7 30. Bg5 Bb5 31. Rb1 a6 32. a4 Be2 33. Qh3 Qc5 34. Rb7+ Kg8
35. d7 Bd4 36. d8=Q+ Rxd8 37. Qh7+ Kf8 38. Qf7# 1-0

[Event "World Blitz Women 2017"]
[Site "Riyadh KSA"]
[Date "2017.12.29"]
[Round "9.12"]
[White "Gaponenko, Inna"]
[Black "Nguyen, Thi Mai Hung"]
[Result "1-0"]
[WhiteTitle "IM"]
[BlackTitle "WGM"]
[WhiteElo "2435"]
[BlackElo "2321"]
[WhiteFideId "14101181"]
[BlackFideId "12401676"]
[EventDate "2017.12.29"]

1. e4 c5 2. Nf3 g6 3. d4 cxd4 4. Nxd4 Nc6 5. Nc3 Bg7 6. Be3 Nf6 7. Bc4 O-O 8.
Bb3 a5 9. a4 d6 10. h3 Bd7 11. O-O Rc8 12. f4 Nxd4 13. Bxd4 Bc6 14. Qd3 Nd7 15.
Bxg7 Kxg7 16. Bc4 Qb6+ 17. Kh1 Nc5 18. Qd4+ f6 19. b3 Nxa4 20. Qxb6 Nxb6 21.
Rxa5 Nxc4 22. bxc4 Bd7 23. Nd5 Rxc4 24. Ra7 Rxe4 25. Rxb7 Rd8 26. Ra1 Kf8 27.
Rc7 Rd4 28. c4 Ke8 29. Re1 e6 30. Nxf6+ Ke7 31. Nxh7 Rxf4 32. Ng5 Rf6 33. Kh2
Rc8 34. Rxc8 Bxc8 35. Kg3 e5 36. Ne4 Rf4 37. c5 d5 38. Nd6 Kd7 39. Nxc8 Kxc8 40.
Rxe5 Rd4 41. Re6 Rc4 42. c6 d4 43. Rxg6 Kc7 44. Kf3 d3 45. Ke3 Rc3 46. Kd2 Ra3
47. h4 Rb3 48. h5 Kb6 49. h6 Ra3 50. g4 1-0

[Event "World Blitz Women 2017"]
[Site "Riyadh KSA"]
[Date "2017.12.29"]
[Round "9.13"]
[White "Zhukova, Natalia"]
[Black "Belenkaya, Dina"]
[Result "0-1"]
[WhiteTitle "GM"]
[BlackTitle "WGM"]
[WhiteElo "2444"]
[BlackElo "2303"]
[WhiteFideId "14101513"]
[BlackFideId "24142654"]
[EventDate "2017.12.29"]

1. c4 e5 2. Nc3 Nc6 3. Nf3 Nf6 4. g3 Bb4 5. Bg2 O-O 6. O-O d6 7. Nd5 Bc5 8. d3
h6 9. a3 a6 10. b4 Ba7 11. Bb2 Be6 12. Nd2 Rb8 13. Rc1 Nh7 14. e3 Ne7 15. Qe2 c6
16. Nxe7+ Qxe7 17. e4 Ng5 18. Kh1 Bh3 19. f4 Bxg2+ 20. Qxg2 Nh7 21. fxe5 dxe5
22. c5 Rbd8 23. Nc4 Bb8 24. Rcd1 f6 25. h4 Rfe8 26. g4 Nf8 27. g5 fxg5 28. hxg5
Qxg5 29. Qxg5 hxg5 30. Rf5 Ng6 31. Rxg5 Re6 32. Ne3 Nf4 33. Nf5 g6 34. d4 exd4
35. Rxd4 Rxd4 36. Bxd4 Rxe4 37. Bf2 0-1

[Event "World Blitz Women 2017"]
[Site "Riyadh KSA"]
[Date "2017.12.29"]
[Round "9.14"]
[White "Voit, Daria"]
[Black "Sukandar, Irine Kharisma"]
[Result "1-0"]
[WhiteTitle "FM"]
[BlackTitle "IM"]
[WhiteElo "2390"]
[BlackElo "2384"]
[WhiteFideId "4182146"]
[BlackFideId "7101937"]
[EventDate "2017.12.29"]

1. d4 Nf6 2. c4 e6 3. Nf3 d5 4. g3 dxc4 5. Bg2 Bb4+ 6. Bd2 c5 7. Bxb4 cxb4 8.
Qa4+ Nc6 9. Ne5 O-O 10. Nxc6 bxc6 11. Qxc6 Rb8 12. Qxc4 Qd6 13. Qc5 Qa6 14. Nd2
Bd7 15. Qe5 Rb5 16. Qe3 Bc6 17. O-O Bxg2 18. Kxg2 Nd5 19. Qd3 Qb7 20. Nf3 Ra5
21. Rfc1 Rc8 22. Rc4 g6 23. Kg1 Rc7 24. Nd2 Kg7 25. Nb3 Rb5 26. Rac1 Rxc4 27.
Qxc4 a5 28. Nc5 Qb6 29. Na4 Qb7 30. Qc6 Qb8 31. Nc5 Rb6 32. Qa4 Qa7 33. e3 Rd6
34. Ne4 Rd7 35. Rc5 Rc7 36. Qb5 a4 37. h4 Rb7 38. Qc4 b3 39. a3 Ne7 40. Nd6 Rd7
41. Ne8+ Kf8 42. Nf6 Rb7 43. Nxh7+ Kg7 44. Ng5 Nd5 45. Ne4 Rd7 46. Rc8 Qa5 47.
Qc5 Qe1+ 48. Kg2 Nxe3+ 49. fxe3 Qe2+ 50. Nf2 Qxe3 51. Qf8+ Kf6 52. Ng4+ 1-0

[Event "World Blitz Women 2017"]
[Site "Riyadh KSA"]
[Date "2017.12.29"]
[Round "9.15"]
[White "Guo, Qi"]
[Black "Buksa, Nataliya"]
[Result "0-1"]
[WhiteTitle "IM"]
[BlackTitle "WGM"]
[WhiteElo "2396"]
[BlackElo "2385"]
[WhiteFideId "8604002"]
[BlackFideId "14123622"]
[EventDate "2017.12.29"]

1. d4 d5 2. c4 e6 3. Nf3 Nf6 4. Bg5 a6 5. e3 dxc4 6. Bxc4 b5 7. Bd3 Bb7 8. O-O
Be7 9. a4 b4 10. Nbd2 Nbd7 11. Nb3 O-O 12. Rc1 Rc8 13. Qe2 Bd5 14. Nc5 Nxc5 15.
dxc5 Ne4 16. Bxe7 Qxe7 17. Bxe4 Bxe4 18. Nd2 Bc6 19. b3 Qg5 20. f3 a5 21. Rfd1
h5 22. Nf1 Bd5 23. Qc2 Bxf3 24. Rd4 e5 25. Rd2 Bc6 26. Qc4 Rcd8 27. Rf2 h4 28.
h3 Bd5 29. Qc2 Rfe8 30. Re1 Re6 31. Rf5 Qg6 32. e4 Bc6 33. Rf2 Rd4 34. Nd2 Re8
35. Rfe2 Red8 36. Nf3 Bxe4 37. Rxe4 Rxe4 38. Qxe4 Qe6 39. Qe3 e4 40. Ng5 Qe5 41.
Nxe4 Re8 42. Qe2 f5 43. Ng3 Qxc5+ 44. Qf2 Rxe1+ 45. Nf1 Qxf2+ 46. Kxf2 Rb1 0-1

[Event "World Blitz Women 2017"]
[Site "Riyadh KSA"]
[Date "2017.12.29"]
[Round "9.16"]
[White "Vo, Thi Kim Phung"]
[Black "Harika, Dronavalli"]
[Result "1-0"]
[WhiteTitle "WGM"]
[BlackTitle "GM"]
[WhiteElo "2380"]
[BlackElo "2504"]
[WhiteFideId "12401838"]
[BlackFideId "5015197"]
[EventDate "2017.12.29"]

1. d4 d6 2. Nf3 g6 3. c4 Bg7 4. Nc3 Nf6 5. e4 O-O 6. Be2 e5 7. O-O Nc6 8. d5 Ne7
9. Ne1 Nd7 10. Be3 f5 11. f3 f4 12. Bf2 g5 13. Nd3 Ng6 14. Rc1 Rf7 15. c5 a6 16.
Na4 Bf8 17. b4 h5 18. Ndb2 g4 19. fxg4 hxg4 20. Bxg4 Nf6 21. Bf3 Rg7 22. Nc4 Nh7
23. cxd6 Bxd6 24. Nxd6 cxd6 25. Nb6 Rb8 26. Nxc8 Rxc8 27. Bg4 Rxc1 28. Qxc1 Nf6
29. Bf5 Ne7 30. Be6+ Kh7 31. Bh4 Ng6 32. Qe1 Qf8 33. Bf5 Kg8 34. Be6+ Kh7 35.
Bg5 Kh8 36. Rf3 Nh7 37. Rh3 Qe8 38. Bf5 f3 39. Bf6 Kg8 40. Bxg7 Kxg7 41. Rg3 Nf8
42. Bxg6 Nxg6 43. gxf3 Kf7 44. Rg5 Ke7 45. Qg3 Kf7 46. Rxg6 1-0

[Event "World Blitz Women 2017"]
[Site "Riyadh KSA"]
[Date "2017.12.29"]
[Round "9.17"]
[White "Nechaeva, Marina"]
[Black "Stefanova, Antoaneta"]
[Result "1-0"]
[WhiteTitle "IM"]
[BlackTitle "GM"]
[WhiteElo "2424"]
[BlackElo "2500"]
[WhiteFideId "4149351"]
[BlackFideId "2902257"]
[EventDate "2017.12.29"]

1. d4 d5 2. c4 c6 3. Nc3 Nf6 4. e3 g6 5. Bd3 Bg7 6. Nf3 O-O 7. O-O e6 8. b3 b6
9. Bb2 Bb7 10. Qe2 Nbd7 11. Rac1 Re8 12. Rfd1 Rc8 13. h3 Qe7 14. e4 dxe4 15.
Nxe4 Nxe4 16. Bxe4 Nf6 17. c5 Nxe4 18. Qxe4 b5 19. Ne5 f6 20. Nf3 Rcd8 21. Re1
Rd5 22. b4 Qf7 23. Bc3 Bc8 24. Qc2 Qc7 25. a4 a6 26. axb5 cxb5 27. Nd2 Bb7 28.
Ne4 Qc6 29. f3 Re7 30. Qf2 f5 31. Nd6 Ba8 32. Kh1 Bf6 33. Ra1 Bb7 34. Re2 Bc8
35. Qe1 Kg7 36. Qf2 h5 37. Bb2 Ra7 38. Rae1 Re7 39. Bc3 Bd7 40. Ra1 Bc8 41. Rea2
Ra7 42. Qe3 h4 43. Re1 Rxd6 44. cxd6 Qxd6 45. d5 Re7 46. Bxf6+ Kxf6 47. dxe6
Rxe6 48. Qc3+ Kf7 49. Rxe6 Bxe6 50. Ra1 Bc4 51. Re1 Qd5 52. Qh8 Qd2 53. Qe8+ Kg7
54. Qe7+ Kg8 55. Qe8+ Kg7 56. Qe5+ Kh7 57. Qe3 Qxb4 58. Rd1 Qf8 59. Rd7+ Bf7 60.
Qa7 Kg8 61. Qxa6 Qc5 62. Qa8+ 1-0

[Event "World Blitz Women 2017"]
[Site "Riyadh KSA"]
[Date "2017.12.29"]
[Round "9.18"]
[White "Khotenashvili, Bela"]
[Black "Tokhirjonova, Gulrukhbegim"]
[Result "1-0"]
[WhiteTitle "GM"]
[BlackTitle "WGM"]
[WhiteElo "2476"]
[BlackElo "2329"]
[WhiteFideId "13602640"]
[BlackFideId "14203626"]
[EventDate "2017.12.29"]

1. d4 d5 2. c4 c6 3. Nf3 Nf6 4. Nc3 dxc4 5. e4 b5 6. Be2 b4 7. Na4 Nxe4 8. Bxc4
e6 9. O-O Be7 10. Re1 Nf6 11. Ne5 O-O 12. b3 Bb7 13. Bb2 Nbd7 14. Nd3 Nd5 15.
Qf3 a5 16. Rac1 Rc8 17. Nac5 Nxc5 18. Nxc5 Qc7 19. Bd3 Bf6 20. Ne4 Qe7 21. Rc5
Ra8 22. Bc2 Rfd8 23. Qh3 g6 24. Qg3 Bg7 25. Bd3 a4 26. bxa4 Rxa4 27. Bc4 Ba6 28.
Bb3 Bb5 29. Bxa4 Bxa4 30. Nd2 Nc3 31. Bxc3 bxc3 32. Rxc3 Bxd4 33. Rc4 Bb5 34.
Rc2 Qb4 35. Nf3 Bg7 36. h4 h5 37. Qg5 Rd5 38. Qc1 Rf5 39. Rd1 Rd5 40. Rxd5 exd5
41. Qd2 Qe4 42. Rc1 Kh7 43. Re1 Bh6 44. Rxe4 Bxd2 45. Re7 Bb4 46. Rxf7+ Kg8 47.
Rc7 Bc5 48. Ng5 Bb6 49. Rb7 Bc5 50. Ne6 Bd6 51. Rg7+ Kh8 52. Rxg6 Bd3 53. Rh6+
Kg8 54. Rxh5 Bc4 55. a4 Bb4 56. Nd4 c5 57. Nc6 Bc3 58. Rg5+ Kf8 59. Rf5+ Ke8 60.
Rf3 Bd2 61. a5 Bb5 62. Na7 Be2 63. Rf5 Bc4 64. Nc6 Kd7 65. Ne5+ Ke6 66. Nxc4
dxc4 67. Rxc5 c3 68. a6 Kd6 69. Rc8 Kd7 70. Rc4 1-0

[Event "World Blitz Women 2017"]
[Site "Riyadh KSA"]
[Date "2017.12.29"]
[Round "9.19"]
[White "Mkrtchian, Lilit"]
[Black "Ding, Yixin"]
[Result "1-0"]
[WhiteTitle "IM"]
[BlackTitle "WGM"]
[WhiteElo "2376"]
[BlackElo "2424"]
[WhiteFideId "13300601"]
[BlackFideId "8602972"]
[EventDate "2017.12.29"]

1. Nf3 Nf6 2. g3 g6 3. b3 Bg7 4. Bb2 O-O 5. Bg2 c5 6. c4 d5 7. cxd5 Nxd5 8. Bxg7
Kxg7 9. Qc1 Na6 10. Qb2+ f6 11. O-O Be6 12. Nc3 Nac7 13. Ne4 b6 14. d4 cxd4 15.
Nxd4 Bf7 16. Rfd1 Qe8 17. Rac1 Rc8 18. Ng5 e5 19. Nxf7 Qxf7 20. Nc6 a5 21. a3
Rfe8 22. e4 Ne7 23. Na7 Ne6 24. Nxc8 Nxc8 25. Bh3 Na7 26. Bxe6 Rxe6 27. Qd2 Re7
28. Qd5 Qe8 29. Qd8 Nb5 30. Qxe8 Rxe8 31. Rd7+ Kh6 32. Rc6 Nd4 33. Rxf6 b5 34.
Rff7 Rh8 35. b4 a4 36. Rd5 Rb8 37. Rxe5 Nc2 38. Ree7 Nxa3 39. Rxh7+ Kg5 40. f4+
Kg4 41. Kg2 1-0

[Event "World Blitz Women 2017"]
[Site "Riyadh KSA"]
[Date "2017.12.29"]
[Round "9.20"]
[White "Huang, Qian"]
[Black "Melia, Salome"]
[Result "1/2-1/2"]
[WhiteTitle "WGM"]
[BlackTitle "IM"]
[WhiteElo "2438"]
[BlackElo "2404"]
[WhiteFideId "8602689"]
[BlackFideId "13602446"]
[EventDate "2017.12.29"]

1. d4 Nf6 2. Nf3 e6 3. c4 c5 4. g3 cxd4 5. Nxd4 Bb4+ 6. Bd2 Bxd2+ 7. Nxd2 O-O 8.
Bg2 d5 9. cxd5 Nxd5 10. Nc4 Nb6 11. Ne3 e5 12. Nb5 Qe7 13. Qd6 Qxd6 14. Nxd6 Nc6
15. Rc1 Rd8 16. Nef5 Bxf5 17. Nxf5 Nb4 18. a3 N4d5 19. O-O g6 20. Nh4 Rac8 21.
Rfd1 Rxc1 22. Rxc1 Rd7 23. Bf3 Kf8 24. Ng2 Ke7 25. Ne1 f5 26. e4 Nf6 27. exf5
gxf5 28. Rc2 e4 29. Be2 Nfd5 30. Ng2 Kd6 31. Nh4 Ke5 32. Kg2 f4 33. gxf4+ Nxf4+
34. Kf1 Nbd5 35. Ng2 Nxg2 36. Kxg2 Nf4+ 37. Kf1 Rd6 38. Rc5+ Rd5 39. Rc2 b6 40.
Ke1 Rd6 41. Rc7 Rh6 42. Re7+ Kd4 43. Rd7+ Ke5 44. Re7+ Kd4 45. Rd7+ Ke5 46. Re7+
Kd4 47. Rd7+ Ke5 48. Re7+ 1/2-1/2

[Event "World Blitz Women 2017"]
[Site "Riyadh KSA"]
[Date "2017.12.29"]
[Round "9.21"]
[White "Berend, Elvira"]
[Black "Gevorgyan, Maria"]
[Result "0-1"]
[WhiteTitle "WGM"]
[BlackTitle "WIM"]
[WhiteElo "2303"]
[BlackElo "2275"]
[WhiteFideId "4000510"]
[BlackFideId "13300270"]
[EventDate "2017.12.29"]

1. d4 d5 2. Nf3 Nf6 3. Bf4 c5 4. e3 Nc6 5. c3 Qb6 6. Qc1 Bf5 7. Be2 Rc8 8. O-O
e6 9. Nbd2 h6 10. Ne5 Nxe5 11. dxe5 Nd7 12. Nf3 Be7 13. Qd2 Nf8 14. c4 Rd8 15.
Qc3 Ng6 16. Bg3 d4 17. exd4 cxd4 18. Qb3 Qxb3 19. axb3 d3 20. Bd1 a6 21. b4 h5
22. h4 d2 23. Ba4+ Kf8 24. c5 Bg4 25. Ra3 Bxf3 26. Rxf3 Bxh4 27. Bxh4 Nxh4 28.
Rc3 Ng6 29. Rd1 Nxe5 30. Rc2 Ke7 31. Rcxd2 Rxd2 32. Rxd2 Rd8 33. Re2 Nd3 34. c6
bxc6 35. Bxc6 Nxb4 36. Bf3 g6 37. Re4 Rb8 38. Rc4 Kd6 39. Kh2 Rb6 40. Kg3 Nd5
41. Ra4 Ke5 42. Re4+ Kf6 43. Ra4 Rxb2 44. Rxa6 Ne7 45. Be4 Ke5 46. f3 f5 47.
Ra5+ Nd5 48. Bd3 g5 49. Bc4 h4+ 50. Kh3 Rd2 51. Rb5 Kd4 52. Bb3 Ke3 53. Bxd5
exd5 54. Rb3+ Kf2 55. Rb1 d4 56. Rb5 Rd1 57. Kh2 d3 58. Rxf5 d2 59. Rd5 Ke2 60.
Re5+ Kd3 61. Rd5+ Ke3 62. Re5+ Kd4 63. Rxg5 Ra1 64. Rg8 Ra5 65. Rg4+ Ke5 0-1

[Event "World Blitz Women 2017"]
[Site "Riyadh KSA"]
[Date "2017.12.29"]
[Round "9.22"]
[White "Skripchenko, Almira"]
[Black "Khukhashvili, Sopiko"]
[Result "1-0"]
[WhiteTitle "IM"]
[BlackTitle "IM"]
[WhiteElo "2403"]
[BlackElo "2312"]
[WhiteFideId "13900145"]
[BlackFideId "13602055"]
[EventDate "2017.12.29"]

1. e4 d6 2. d4 Nf6 3. Nc3 e5 4. Nge2 Nbd7 5. g3 g6 6. Bg2 Bg7 7. O-O O-O 8. h3
a6 9. a4 Re8 10. Re1 b6 11. b3 Bb7 12. Bb2 exd4 13. Nxd4 Nc5 14. f3 Nh5 15. Nce2
Be5 16. b4 Nd7 17. g4 Nf4 18. Nxf4 Bxf4 19. Ne2 Be5 20. Bxe5 dxe5 21. Qd2 Qe7
22. Rad1 Nf8 23. c3 a5 24. Qb2 axb4 25. cxb4 Rxa4 26. Rb1 Rea8 27. Nc3 Ra3 28.
Nd5 Qd6 29. Rbd1 Ra2 30. Qc3 Bxd5 31. Rxd5 Qf6 32. Qxe5 Qh4 33. Rf1 Rxg2+ 34.
Kxg2 Ra2+ 35. Kg1 Qxh3 36. Rf2 Ra3 37. Rd8 Rxf3 38. Rxf3 Qxf3 39. g5 Qg4+ 40.
Kf2 h6 41. Qe7 Qf4+ 42. Ke2 Qh2+ 43. Kd3 Qh3+ 44. Kd4 1-0

[Event "World Blitz Women 2017"]
[Site "Riyadh KSA"]
[Date "2017.12.29"]
[Round "9.23"]
[White "Savina, Anastasia"]
[Black "Cori T., Deysi"]
[Result "0-1"]
[WhiteTitle "IM"]
[BlackTitle "WGM"]
[WhiteElo "2350"]
[BlackElo "2389"]
[WhiteFideId "4196872"]
[BlackFideId "3801934"]
[EventDate "2017.12.29"]

1. Nf3 Nf6 2. c4 e6 3. Nc3 d5 4. d4 Be7 5. Bf4 O-O 6. e3 Ne4 7. Bd3 Nxc3 8. bxc3
dxc4 9. Bxc4 c5 10. O-O Nc6 11. Ne5 Nxe5 12. Bxe5 Bd6 13. f4 Be7 14. dxc5 Bxc5
15. Bd4 Bxd4 16. cxd4 Bd7 17. d5 exd5 18. Bxd5 Qe7 19. Qb3 Rab8 20. e4 Bc6 21.
e5 Qc5+ 22. Kh1 Qxd5 23. Qg3 Rbd8 24. f5 Qd3 25. Qg4 Rd4 26. Qg5 h6 27. Qh5 Qd2
28. Rg1 Qg5 29. Qxg5 hxg5 30. Rae1 Re4 31. h3 Re8 0-1

[Event "World Blitz Women 2017"]
[Site "Riyadh KSA"]
[Date "2017.12.29"]
[Round "9.24"]
[White "Zawadzka, Jolanta"]
[Black "Hoolt, Sarah"]
[Result "1-0"]
[WhiteTitle "WGM"]
[BlackTitle "WGM"]
[WhiteElo "2424"]
[BlackElo "2405"]
[WhiteFideId "1122320"]
[BlackFideId "24606812"]
[EventDate "2017.12.29"]

1. e4 c5 2. Nf3 e6 3. d4 cxd4 4. Nxd4 Nc6 5. Nc3 Qc7 6. Be3 a6 7. Qd2 Nf6 8. f3
Ne5 9. O-O-O b5 10. Bf4 d6 11. Kb1 Nc4 12. Bxc4 bxc4 13. e5 Nh5 14. exd6 Bxd6
15. Nxe6 Bxe6 16. Bxd6 Qc6 17. Qg5 Nf6 18. Qxg7 O-O-O 19. Qxf6 Rhg8 20. Bg3 a5
21. Qe5 a4 22. Qb8# 1-0